Noncommercial, institutional, and contract foodservice management / (Record no. 344309)
[ view plain ]
| 000 -LEADER | |
|---|---|
| fixed length control field | 01216 a2200205 4500 |
| 020 ## - INTERNATIONAL STANDARD BOOK NUMBER | |
| International Standard Book Number | 047159573X |
| 020 ## - INTERNATIONAL STANDARD BOOK NUMBER | |
| International Standard Book Number | 9780471595731 |
| 082 04 - DEWEY DECIMAL CLASSIFICATION NUMBER | |
| Classification number | 647.95068 |
| 090 ## - LOCALLY ASSIGNED LC-TYPE CALL NUMBER (OCLC); LOCAL CALL NUMBER (RLIN) | |
| -- | 1798 |
| -- | 1798 |
| 100 1# - MAIN ENTRY--PERSONAL NAME | |
| Personal name | Warner, Mickey. |
| 245 10 - TITLE STATEMENT | |
| Title | Noncommercial, institutional, and contract foodservice management / |
| Statement of responsibility, etc. | Mickey Warner. |
| 250 ## - EDITION STATEMENT | |
| Edition statement | 1st ed. |
| 260 ## - PUBLICATION, DISTRIBUTION, ETC. | |
| Place of publication, distribution, etc. | [S.l.] : |
| Name of publisher, distributor, etc. | Wiley, |
| Date of publication, distribution, etc. | 1994. |
| 300 ## - PHYSICAL DESCRIPTION | |
| Extent | 304 p. ; |
| Dimensions | 29 cm. |
| 500 ## - GENERAL NOTE | |
| General note | Paperback. |
| 520 ## - SUMMARY, ETC. | |
| Summary, etc. | A pioneer in institutional foodservice offers a practical up-to-date introduction concerned with volume feeding operations which present unique challenges and have different requirements from restaurants and other commercial businesses. Contains an overview of the contract foodservice industry and its key players, guidelines for financial planning, menu management, cost controls and marketing. Features the latest information on contract management firms, career opportunities available within them and techniques to establish a career plan. |
| 856 40 - ELECTRONIC LOCATION AND ACCESS | |
| Materials specified | Amazon.com |
| Uniform Resource Identifier | <a href="http://www.amazon.com/exec/obidos/ASIN/047159573X/chopaconline-20">http://www.amazon.com/exec/obidos/ASIN/047159573X/chopaconline-20</a> |
| 856 40 - ELECTRONIC LOCATION AND ACCESS | |
| Materials specified | Amazon customer reviews |
| Uniform Resource Identifier | <a href="http://www.chopac.org/cgi-bin/tools/azrev.pl?q=047159573X">http://www.chopac.org/cgi-bin/tools/azrev.pl?q=047159573X</a> |
| 942 ## - ADDED ENTRY ELEMENTS (KOHA) | |
| Institution code [OBSOLETE] | NBS |
| Koha item type | Book |
| Call number prefix | 647.95068 WAR |
| Withdrawn status | Lost status | Damaged status | Not for loan | Permanent Location | Current Location | Date acquired | Total Checkouts | Full call number | Barcode | Date last seen | Price effective from | Koha item type |
|---|---|---|---|---|---|---|---|---|---|---|---|---|
| Central Library (CL) | Central Library (CL) | 08/28/2013 | 647.95068 WAR | NBS3101 | 08/28/2013 | 08/28/2013 | Book |
